Catálogo
 En Linea

El asilo diplomatico : (Registro nro. 12478)

Detalles MARC
000 -CABECERA
campo de control de longitud fija 00675cam a22001931 4500
001 - NÚMERO DE CONTROL
campo de control 000012829
005 - FECHA Y HORA DE LA ÚLTIMA TRANSACCIÓN
campo de control 20200929163101.0
008 - DATOS DE LONGITUD FIJA--INFORMACIÓN GENERAL
campo de control de longitud fija 750702s1953 xx 000 0 spa
010 ## - NÚMERO DE CONTROL DE LA BIBLIOTECA DEL CONGRESO
Número de control de LC 54020020
035 ## - NÚMERO DE CONTROL DEL SISTEMA
Número de control de sistema (OCoLC)1427565
040 ## - FUENTE DE LA CATALOGACIÓN
Centro catalogador/agencia de origen DO-SdBNP
Lengua de catalogación spa
Centro/agencia transcriptor BNPHU
082 ## - NÚMERO DE LA CLASIFICACIÓN DECIMAL DEWEY
Número de clasificación 341.488
Número de documento/Ítem P699a
100 2# - ENTRADA PRINCIPAL--NOMBRE DE PERSONA
Nombre de persona Planas Suárez, Simón,
Fechas asociadas al nombre 1879-1967
9 (RLIN) 29672
245 13 - MENCIÓN DE TÍTULO
Título El asilo diplomatico :
Resto del título estudio juridico y politico sobre este execrable uso latinoamericano destructor de la soberania nacional y de la cordialidad internacional /
Mención de responsabilidad, etc. Simón Planas Suárez.
260 ## - PUBLICACIÓN, DISTRIBUCIÓN, ETC.
Lugar de publicación, distribución, etc. Buenos Aires,
Fecha de publicación, distribución, etc. 1953.
300 ## - DESCRIPCIÓN FÍSICA
Extensión 687 p. ;
Dimensiones 24 cm.
650 #0 - PUNTO DE ACCESO ADICIONAL DE MATERIA--TÉRMINO DE MATERIA
Término de materia o nombre geográfico como elemento de entrada Derecho de asilo
9 (RLIN) 29673
910 ## - DATOS DE OPCIÓN DEL USUARIO (OCLC)
Datos de opción del usuario DC
Existencias
Estado de retiro Estado de pérdida Restricciones de uso No para préstamo Código de colección Localización permanente Ubicación/localización actual Ubicación en estantería Fecha de adquisición Número de inventario Total de préstamos Signatura topográfica completa Código de barras Fecha visto por última vez Precio válido a partir de Tipo de ítem Koha
    Préstamo interno   Monografías: Libros y Folletos General General En catalogación 17.11.2009 LF1   341.488 P699a 12829-10 25.06.2020 25.06.2020 Préstamo interno

Con tecnología Koha